| 000 | 00591nam a2200205Ia 4500 | ||
|---|---|---|---|
| 008 | 140626s9999 xx 000 0 und d | ||
| 100 | _aGavriely-Nuri, Dalia. | ||
| 245 |
_aObituaries in the Israeli Daily Haaretz Dalia Gavriely-Nuri and Einat Lachover / _c Dalia ... [et al.].Gavriely-Nuri |
||
| 260 | _cc2012. | ||
| 300 | _a22 : 1, page 48 | ||
| 440 | _aCommunication Theory | ||
| 521 | _aMC | ||
| 650 | _aCosmopolitan memory. | ||
| 650 | _aEcological discourse. | ||
| 650 | _aIsrael. | ||
| 650 | _aMedia. | ||
| 650 | _aMemory agents. | ||
| 650 | _aObituaries. | ||
| 942 | _cSE | ||
| 999 |
_c121249 _d121249 |
||